[Event "Olympiad Women 2024"]
[Site "Budapest HUN"]
[Date "2024.09.11"]
[Round "1.45"]
[Board "3"]
[White "Aponte, Samantha"]
[Black "Simkunaite, Gabija"]
[Result "0-1"]
[WhiteElo "1454"]
[BlackElo "2005"]
[PlyCount "64"]
[EventDate "2024.09.11"]
[WhiteTeam "Aruba"]
[BlackTeam "Lithuania"]
[WhiteTeamCountry "ARN"]
[BlackTeamCountry "LTU"]

1. d4 d5 2. Nf3 Nf6 3. g3 e6 4. Bg2 Be7 5. O-O O-O 6. Bf4 c5 7. c3 Nc6 8. Nbd2 Qb6 ({RR} 8... cxd4 9. cxd4 Nh5 10. Be3 f5 11. Ne5 Nxe5 12. dxe5 f4 13. Bd4 Bd7 14. e4 fxe3 15. Bxe3 g6 16. Nb3 b6 17. Nd4 Rc8 18. Bh3 Ng7 19. Bh6 Rc4 20. b3 Rxd4 21. Qxd4 Nf5 22. Qd2 Nxh6 23. Qxh6 {1-0 Seder,M (2077)-Murthy,P (1821) Titled Tue 27th Feb Early 2024 (2)}) 9. Qb3 Bd7 $146 ({RR} 9... c4 10. Qxb6 axb6 11. Rfe1 b5 12. a3 Bd7 13. Ne5 Nxe5 14. Bxe5 Ng4 15. Nf3 f6 16. Bf4 g5 17. Bd2 Nh6 18. h4 Nf7 19. hxg5 fxg5 20. e4 dxe4 21. Rxe4 h6 22. Ne5 Nxe5 23. Rxe5 Bd6 24. Re2 {½-½ Bertavicius,V-Teleisa,V LTU-chT2 Lithuania 2009 (1.33)}) 10. Rfe1 cxd4 11. Qxb6 axb6 12. Nxd4 Nxd4 13. cxd4 Ra4 14. e3 Rc8 15. b3 Ra5 16. e4 Bb4 17. e5 Ne8 18. a4 Bc3 19. Rab1 Bxd4 20. Nf3 Bc3 21. Rec1 Rac5 22. Bf1 f6 23. Rd1 fxe5 24. Nxe5 Nf6 25. b4 R5c7 26. Nf3 Bxa4 27. Bxc7 Bxd1 28. Rxd1 Rxc7 29. Rc1 Ne4 30. Bh3 Kf7 31. Ne5+ Bxe5 32. Re1 Bd4 0-1

[Event "Olympiad Women 2024"]
[Site "Budapest HUN"]
[Date "2024.09.11"]
[Round "1.45"]
[Board "4"]
[White "Sibajeva, Marija"]
[Black "Cabral, Sylvi"]
[Result "1-0"]
[WhiteElo "2007"]
[BlackElo "1471"]
[PlyCount "63"]
[EventDate "2024.09.11"]
[WhiteTeam "Lithuania"]
[BlackTeam "Aruba"]
[WhiteTeamCountry "LTU"]
[BlackTeamCountry "ARN"]

1. e4 c5 2. Nf3 g6 3. d4 cxd4 4. Nxd4 Bg7 5. c4 Nc6 6. Nf3 Nf6 7. Nc3 O-O 8. Be2 d6 9. O-O Bg4 10. Be3 Rc8 11. Rc1 Qd7 12. b3 $146 ({RR} 12. Qd2 Rfd8 13. Rfd1 Bxf3 14. Bxf3 Ne5 15. b3 Nxf3+ 16. gxf3 Qh3 17. Qe2 Rd7 18. Rd3 Bh6 19. Rcd1 Qh4 20. e5 Ne8 21. Rd4 Qh3 22. f4 Rcd8 23. Ne4 dxe5 24. Rxd7 Rxd7 25. Rxd7 Qxd7 26. fxe5 Bxe3 {0-1 Veksler,A (1946)-Stumpf,W (1996) GER-chA Seniors 16th 2004 (7)}) 12... a6 13. h3 Bxf3 14. Bxf3 Ne5 15. Be2 Qc6 16. f4 Ned7 17. Nd5 Rfe8 18. Bf3 Nxd5 19. exd5 Qc7 20. Qd2 Nf6 21. g4 h5 22. gxh5 gxh5 23. Kh2 Kf8 24. Rg1 h4 25. Qg2 Bh8 26. Qg5 e6 27. Qxh4 Ke7 28. Bd4 Qa5 29. Rc2 b5 30. dxe6 fxe6 31. Bxf6+ Bxf6 32. Rg7+ 1-0

[Event "Olympiad Women 2024"]
[Site "Budapest HUN"]
[Date "2024.09.11"]
[Round "1.46"]
[Board "1"]
[White "Ryjanova, Julia"]
[Black "Pg Hj Janudin, Dk Siti Haziqah"]
[Result "1-0"]
[WhiteElo "2255"]
[BlackElo "1711"]
[PlyCount "67"]
[EventDate "2024.09.11"]
[WhiteTeam "Australia"]
[BlackTeam "Brunei Darussalam"]
[WhiteTeamCountry "AUS"]

1. d4 d6 2. Nf3 Nf6 3. b3 g6 4. Bb2 Bg7 5. g3 Nbd7 6. Bg2 O-O 7. O-O Re8 8. c4 c6 9. Nc3 e5 10. e4 exd4 11. Nxd4 Nc5 12. Qc2 Qb6 13. Rad1 ({RR} 13. Rfd1 a5 14. Rab1 Ng4 15. h3 Ne5 16. Bc1 a4 17. Be3 axb3 18. axb3 Qb4 19. f4 Ned7 20. Bf2 Ra3 21. Na2 Qa5 22. b4 Qa6 23. Nc1 Na4 24. Ncb3 Nab6 25. b5 Qa4 26. bxc6 bxc6 27. e5 dxe5 {0-1 Khismatullin,D (2658)-Tkachiev,V (2649) Wch Blitz 7th 2013 (29)}) ({RR} 13. Rfd1 Bg4 14. Rd2 Rad8 15. h3 Bc8 16. Rad1 a5 17. Ba3 Bh6 18. f4 Nh5 19. Nce2 Nxg3 20. Nxg3 Bxf4 21. Nge2 Bxd2 22. Rxd2 Nd7 23. Bxd6 c5 24. Nb5 Ne5 25. Qc3 Qc6 26. Rd5 f6 27. Na7 Qa6 {1-0 Blomer,M (1939)-Weisskopf,L (2026) 51st Sparkassen Open A 2024 (3.93)}) 13... Bg4 14. f3 Ne6 $146 ({RR} 14... Bd7 15. Qf2 Rad8 16. h3 Bc8 17. Nc2 a5 18. Bc1 Qc7 19. Nd4 Qe7 20. Rde1 Nfd7 21. Kh2 Qf6 22. Qc2 Nf8 23. Be3 Nfe6 24. Nce2 h6 25. Qd2 h5 26. Qxa5 h4 27. g4 Qe7 28. Kh1 Nxd4 29. Nxd4 {1-0 Donner,J-Kuijpers,F IBM Amsterdam 1963 (8)}) ({RR} 14... Bd7 15. Kh1 Rad8 16. Rd2 a5 17. Rfd1 Bc8 18. Nde2 Qc7 19. Nf4 Qe7 20. Ba3 b6 21. Nd3 Nfd7 22. Nb2 Nf8 23. Nba4 Qc7 24. Bb2 h5 25. a3 h4 26. b4 axb4 27. axb4 Nxa4 28. Nxa4 Be5 29. c5 {0-1 Gaya Llodra,J (2200)-Bernal Moro,L (2395) ESP-ch Lleida 1991 (2)}) 15. Na4 Qc7 16. fxg4 Nxg4 17. Nxe6 Rxe6 18. Rde1 a6 19. Bxg7 Kxg7 20. Bh3 h5 21. Bxg4 hxg4 22. Rf4 b5 23. Qc3+ Re5 24. Nb2 Qb6+ 25. Kg2 Rh8 26. Nd3 f6 27. Nxe5 dxe5 28. c5 Qb8 29. Rf2 Rh5 30. Rd1 f5 31. Rd7+ Kf6 32. Rd6+ Kg5 33. Qxe5 Qa7 34. Qf4# 1-0

[Event "Olympiad Women 2024"]
[Site "Budapest HUN"]
[Date "2024.09.11"]
[Round "1.46"]
[Board "2"]
[White "Saiful Azmi, Nur Farzana"]
[Black "Zhang, Jilin"]
[Result "0-1"]
[WhiteElo "1533"]
[BlackElo "2155"]
[PlyCount "50"]
[EventDate "2024.09.11"]
[WhiteTeam "Brunei Darussalam"]
[BlackTeam "Australia"]
[BlackTeamCountry "AUS"]

1. d4 Nf6 2. Bf4 d6 3. Nf3 g6 4. e3 Bg7 5. Bd3 O-O 6. O-O Nbd7 7. c4 ({RR} 7. h3 Qe8 8. Bh2 e5 9. dxe5 dxe5 10. e4 Nh5 11. Nc3 c6 12. a4 Qe7 13. Qc1 Re8 14. Bc4 h6 15. Qe3 Qf6 16. Rfd1 Nf4 17. Ne2 g5 18. a5 Nf8 19. Rd2 N8g6 20. Rad1 Bf8 21. c3 Kg7 {½-½ Gagunashvili,M (2588)-Mchedlishvili,M (2601) GEO-ch 76th Tbilisi 2017 (8)}) 7... Qe8 8. h3 $146 ({RR} 8. Bc2 e5 9. Bg3 Nh5 10. Nc3 Nxg3 11. hxg3 f5 12. dxe5 Nxe5 13. Nxe5 Qxe5 14. Rb1 Be6 15. Bb3 c6 16. Qd3 Rfd8 17. Ne2 Bf7 18. Nd4 a6 19. Rfd1 Qe7 20. Rd2 c5 21. Ne2 b5 22. Nf4 d5 {½-½ Johansen,O (2145)-Elsness,F (2438) NOR-chT2 Moss 2005 (1)}) ({RR} 8. Re1 e5 9. dxe5 dxe5 10. Nc3 exf4 11. exf4 Qd8 12. Qc2 c6 13. f5 Nc5 14. Rad1 Nxd3 15. Qxd3 Qxd3 16. Rxd3 Bxf5 17. Rdd1 Rfe8 18. h3 Rxe1+ 19. Rxe1 Re8 20. Rd1 h5 21. Na4 Ne4 22. Nh4 b5 {0-1 Li,Y (1401)-Fominykh,M (2136) Asian Rapid Teams 2024 (1.23)}) ({RR} 8. d5 e5 9. dxe6 fxe6 10. Bg3 Nh5 11. Qc2 Nc5 12. Nc3 Nxg3 13. hxg3 Bd7 14. Rae1 Qe7 15. b4 Nxd3 16. Qxd3 d5 17. cxd5 Qxb4 18. Rc1 Rad8 19. dxe6 Bxe6 20. Qe4 Qxe4 21. Nxe4 c6 22. Nc5 Bc8 {½-½ Capaliku,A (2137)-Philosoph,A (2005) Nova Gorica op-A 18th 2013 (4)}) 8... e5 9. dxe5 dxe5 10. Nxe5 Nxe5 11. Bxe5 Qxe5 12. Nc3 Bf5 13. Re1 Bxd3 14. Qxd3 Rad8 15. Qe2 Ne4 16. Rac1 Rd2 17. Qf3 Nxf2 18. Re2 Rxe2 19. Qxe2 Ne4 20. Qf3 Nxc3 21. bxc3 b6 22. Qd5 Qxe3+ 23. Kf1 Qxc1+ 24. Ke2 Re8+ 25. Kf3 Qe3+ 0-1

[Event "Olympiad Women 2024"]
[Site "Budapest HUN"]
[Date "2024.09.11"]
[Round "1.46"]
[Board "3"]
[White "Shen, Zhiyuan"]
[Black "Hussin, Fazreena"]
[Result "1-0"]
[WhiteElo "1969"]
[BlackElo "1700"]
[PlyCount "55"]
[EventDate "2024.09.11"]
[WhiteTeam "Australia"]
[BlackTeam "Brunei Darussalam"]
[WhiteTeamCountry "AUS"]

1. e4 e6 2. d4 d5 3. Nd2 Nf6 4. e5 Nfd7 5. Bd3 c5 6. c3 Nc6 7. Ne2 f6 8. exf6 Nxf6 9. Nf3 Bd6 10. O-O O-O 11. Bg5 ({RR} 11. dxc5 Bxc5 12. Ned4 Bd6 13. Ng5 Qe8 14. f4 Nxd4 15. cxd4 Bd7 16. Re1 h6 17. Nh3 Ne4 18. Qe2 Bc6 19. g3 Bb4 20. Rf1 Ba5 21. Nf2 Qg6 22. Be3 h5 23. Qf3 Bc7 24. Rac1 Rad8 25. b4 a6 {1-0 Kotsur,P (2505)-Djurhuus,R (2505) Olympiad-32 Yerevan 1996 (12.3)}) 11... Qb6 ({RR} 11... h6 12. Bh4 e5 13. dxe5 Nxe5 14. Nxe5 Bxe5 15. Bg3 Bxg3 16. Nxg3 Bd7 17. Bg6 Be8 18. Bc2 Bf7 19. Qd3 Rc8 20. Rae1 d4 21. Nf5 dxc3 22. Ne7+ Kh8 23. Nxc8 Qxc8 24. bxc3 Rd8 25. Qf5 Qc6 26. Re7 {1-0 Tarnowska,A (1885)-Zhou,A (1826) Titled Tue 20th Aug Late 2024 (11)}) 12. b3 Ne4 $146 ({RR} 12... cxd4 13. cxd4 e5 14. Bc2 e4 15. Ne5 Nxe5 16. dxe5 Bxe5 17. Bxf6 Qxf6 18. Qxd5+ Be6 19. Qxe4 Bxa1 20. Qxh7+ Kf7 21. Qh5+ g6 22. Qb5 b6 23. f4 Bd4+ 24. Kh1 Kg7 25. Qd3 Rad8 26. Qg3 Rd5 27. Nxd4 {0-1 Ismayil,M (1997)-Tarasenka,A (2070) AZE-BLR U16 Online Battle blitz 2020}) ({RR} 12... e5 13. dxe5 Nxe5 14. Nxe5 Bxe5 15. Qc2 h6 16. Bh4 Bg4 17. Bg3 Bxe2 18. Bxe2 Bxg3 19. hxg3 Rae8 20. Bf3 Re5 21. Rfe1 Rfe8 22. Qd2 Qe6 23. Rxe5 Qxe5 24. Rd1 Rd8 25. c4 d4 26. Bxb7 Re8 27. Bf3 {½-½ Vescovi,G (2260)-Pereyra Arcija,D Wch U14 Warsaw 1991 (11)}) 13. Bxe4 dxe4 14. Nd2 cxd4 15. Nxe4 Be5 16. cxd4 Nxd4 17. Rc1 Nxe2+ 18. Qxe2 Bd7 19. Be3 Bb5 20. Qh5 Rf5 21. Ng5 Rxg5 22. Qxg5 Bf6 23. Qg4 Qa6 24. Rfe1 Re8 25. Bg5 e5 26. Bxf6 Qxf6 27. Rc8 Kf7 28. Rxe8 1-0

[Event "Olympiad Women 2024"]
[Site "Budapest HUN"]
[Date "2024.09.11"]
[Round "1.46"]
[Board "4"]
[White "Zakaria, Liyana"]
[Black "Vincent, Alaina"]
[Result "0-1"]
[WhiteElo "1520"]
[BlackElo "1976"]
[PlyCount "44"]
[EventDate "2024.09.11"]
[WhiteTeam "Brunei Darussalam"]
[BlackTeam "Australia"]
[BlackTeamCountry "AUS"]

1. d4 Nf6 2. Bf4 g6 3. Nf3 Bg7 4. Nc3 d5 5. e3 O-O 6. Be2 b6 7. h3 ({RR} 7. O-O Bb7 8. Ne5 Nbd7 9. a4 a5 10. Bb5 Nb8 11. h3 Ne8 12. Re1 Nd6 13. Bd3 Nc6 14. Nb5 Nb4 15. Bf1 f6 16. Nf3 Na6 17. Bh2 Qd7 18. Nd2 Kh8 19. b3 e5 20. c4 c6 21. Nxd6 Qxd6 {1-0 Megaranto,S (2532)-Li,C (2590) Kuala Lumpur op 5th 2008 (6)}) ({RR} 7. h4 h5 8. Ne5 c5 9. Qd2 c4 10. e4 Nxe4 11. Nxe4 dxe4 12. Nxc4 Qxd4 13. Qxd4 Bxd4 14. c3 Bg7 15. f3 Nc6 16. fxe4 Bb7 17. Bf3 Rad8 18. O-O b5 19. Ne3 Ne5 20. Rad1 Nxf3+ 21. gxf3 e5 {0-1 Vidruska,R (1963)-Paramzina,A (2233) Swiss Queens Wed #5 2024 (1.110)}) 7... c5 8. O-O Bb7 9. Ne5 Nfd7 $146 ({RR} 9... Nc6 10. Qd2 e6 11. Rad1 Qe7 12. g4 Rac8 13. Nxc6 Bxc6 14. Be5 Rfd8 15. f4 Bf8 16. Ba6 Ra8 17. f5 exf5 18. gxf5 Bg7 19. Qh2 Ne8 20. fxg6 hxg6 21. Rf2 Bxe5 22. Qxe5 Qxe5 23. dxe5 Nc7 24. Bd3 {0-1 Lacasa Diaz,J (2295)-Torrecillas Martinez,A (2350) Badalona op 1993 (6)}) ({RR} 9... Nbd7 10. Nxd7 Nxd7 11. Bf3 Nf6 12. Be5 Rc8 13. dxc5 Rxc5 14. Bd4 Rc7 15. Nb5 Rd7 16. Nxa7 Ba6 17. Nc6 Qc7 18. Ne5 Bxf1 19. Nxd7 Nxd7 20. Bxg7 Kxg7 21. Kxf1 Nf6 22. Kg1 Rc8 23. c3 Qc4 24. Be2 {1-0 Hersel,R (1585)-Leitner,T (1584) EU Union-ch U12 16th 2018 (9)}) 10. Bf3 e6 11. Ne2 Nxe5 12. Bxe5 Bxe5 13. dxe5 Nd7 14. Nc3 Nxe5 15. Be2 d4 16. exd4 cxd4 17. Nb5 Qd5 18. f3 Rad8 19. Nxa7 d3 20. Bxd3 Nxd3 21. cxd3 Qa5 22. Qb3 Qxa7 0-1

[Event "Olympiad Women 2024"]
[Site "Budapest HUN"]
[Date "2024.09.11"]
[Round "1.47"]
[Board "1"]
[White "Jambo, Linda"]
[Black "Mendoza, Shania Mae"]
[Result "0-1"]
[WhiteElo "1629"]
[BlackElo "2013"]
[PlyCount "74"]
[EventDate "2024.09.11"]
[WhiteTeam "Malawi"]
[BlackTeam "Philippines"]
[WhiteTeamCountry "MWI"]
[BlackTeamCountry "PHI"]

1. e4 e5 2. Nf3 Nc6 3. Bb5 Nf6 4. d3 d6 5. Bxc6+ bxc6 6. Nc3 Be7 ({RR} 6... c5 7. O-O Bg4 8. h3 Bh5 9. Be3 Be7 10. a3 a5 11. Rb1 O-O 12. Qd2 Bxf3 13. gxf3 c6 14. f4 exf4 15. Bxf4 Nh5 16. Bh2 Qd7 17. Qe3 f5 18. e5 dxe5 19. Qxe5 Rf6 20. Qe2 Rh6 21. Rfe1 {½-½ Comp Quest-Cifuentes Parada,R (2485) The Hague AEGON 1993 (3)}) 7. O-O O-O 8. h3 ({RR} 8. Bg5 Ba6 9. Nh4 h6 10. Bxf6 Bxf6 11. Na4 Bxh4 12. g3 Qg5 13. Kh1 Bxg3 14. fxg3 Bc8 15. h4 Qxg3 16. Rf3 Qxh4+ 17. Kg1 Bg4 18. Qf1 Bxf3 19. Qxf3 Rae8 20. Kf1 Re6 21. Qg2 Rg6 22. Qe2 Qh1+ {0-1 Lanowy,M-Przygoda,M POL-ch U08 Poland 2022 (7)}) 8... Re8 $146 ({RR} 8... Ba6 9. Re1 Nd7 10. b3 f5 11. Bb2 f4 12. Qd2 Nb6 13. d4 Bf6 14. dxe5 dxe5 15. Rad1 Qxd2 16. Rxd2 Rad8 17. Red1 Rxd2 18. Rxd2 h6 19. a4 Nc8 20. Na2 Nd6 21. Bxe5 Nxe4 22. Rd4 Bxe5 23. Nxe5 {1-0 Wesolowska,K (1754)-Tracz,M POL-chT2 U20 Girls 2007 (7)}) ({RR} 8... Ba6 9. Bg5 h6 10. Bxf6 Bxf6 11. Qd2 Rb8 12. b3 Re8 13. Rfe1 Qd7 14. Red1 Rbd8 15. Rab1 Qe6 16. Qe3 Ra8 17. d4 exd4 18. Nxd4 Bxd4 19. Qxd4 Bb7 20. Rd3 c5 21. Qe3 Bxe4 22. Nxe4 Qxe4 23. Qxe4 {0-1 Weiss,A-Blokisch,T Dortmund Dreikoenig-B 2003 (7)}) 9. Re1 Bf8 10. Bg5 h6 11. Bh4 Rb8 12. Rb1 g5 13. Bg3 Bg7 14. Nd2 Be6 15. a3 Nd7 16. b4 Nf8 17. Ne2 Ng6 18. c4 Qd7 19. Qa4 f5 20. exf5 Bxf5 21. Ne4 Nf4 22. Bxf4 exf4 23. f3 d5 24. Nc5 Qd6 25. Rbd1 Re3 26. Qc2 Rbe8 27. Qd2 Qe7 28. d4 Rxe2 29. Rxe2 Qxe2 30. Qxe2 Rxe2 31. cxd5 cxd5 32. Nd3 Re3 33. Ne5 Bxe5 34. dxe5 Bd3 35. a4 Kf7 36. Rd2 Re1+ 37. Kf2 Rf1# 0-1

[Event "Olympiad Women 2024"]
[Site "Budapest HUN"]
[Date "2024.09.11"]
[Round "1.47"]
[Board "2"]
[White "Frayna, Janelle Mae"]
[Black "Namangale, Susan"]
[Result "1-0"]
[WhiteElo "2216"]
[BlackElo "1521"]
[PlyCount "85"]
[EventDate "2024.09.11"]
[WhiteTeam "Philippines"]
[BlackTeam "Malawi"]
[WhiteTeamCountry "PHI"]
[BlackTeamCountry "MWI"]

1. d4 d6 2. e4 b6 3. c4 ({RR} 3. Nc3 Bb7 4. Bc4 Nf6 5. Qe2 e6 6. Nf3 Be7 7. h4 h6 8. Bb3 d5 9. exd5 Nxd5 10. Bd2 Bb4 11. Ne5 Nxc3 12. bxc3 Bd6 13. Nxf7 Kxf7 14. Qxe6+ Kf8 15. Qf7# {1-0 Ehlvest,J (2536)-Kapp,V Puhajarve rap op 18th rapid 2017 (2)}) ({RR} 3. Nf3 g6 4. Nc3 Bg7 5. Nd5 Nf6 6. Nxf6+ Bxf6 7. Bc4 O-O 8. O-O c6 9. Qe2 Bg7 10. h3 Qc7 11. e5 dxe5 12. dxe5 b5 13. e6 bxc4 14. exf7+ Rxf7 15. Qxc4 Nd7 16. Ng5 Ne5 17. Qd4 c5 {1-0 Fatma Faisal,A (1039)-Echimescu,O (1061) Sharjah Cup Qual (Women) 11th blitz 2021 (2)}) 3... Nf6 $146 ({RR} 3... Bb7 4. Nc3 g6 5. Nf3 Bg7 6. Be2 e6 7. O-O Nd7 8. Be3 Ne7 9. Qd2 c6 10. Bh6 Rg8 11. Qf4 Qc7 12. Ng5 O-O-O 13. Qxf7 Bxh6 14. Nxe6 Qb8 15. Qxe7 Rde8 16. Qh4 Bd2 17. d5 g5 18. Qxh7 {1-0 Rasmussen,P-McShane,R Politiken Cup 25th 2003 (7)}) ({RR} 3... e6 4. Nc3 Be7 5. Nf3 Bb7 6. Bd3 Nd7 7. O-O e5 8. d5 Nc5 9. Bc2 Nf6 10. Qe2 Bc8 11. h3 O-O 12. Ne1 Ncd7 13. Nd3 Nc5 14. f4 Nxd3 15. Bxd3 exf4 16. Bxf4 Nd7 17. Rae1 Ne5 18. Nb5 {½-½ Stojanovic,M (2007)-Dosenovic,D Belgrade-chT Quality 2011 (3)}) 4. Nc3 g6 5. Bd3 Bg7 6. Nge2 O-O 7. O-O Nc6 8. f4 Bg4 9. h3 Bh5 10. Qa4 Na5 11. Ng3 e5 12. fxe5 dxe5 13. d5 Nb7 14. Be3 c5 15. Qc2 h6 16. a3 Qd7 17. Rf2 Qe7 18. Raf1 Nd6 19. b4 Nb7 20. Qb3 Rab8 21. Qa4 a5 22. bxa5 Nxa5 23. Rb1 Rb7 24. Rb5 Qd6 25. Rfb2 Rfb8 26. Qc2 Ra7 27. Bxc5 Qc7 28. Na4 Nd7 29. Bxb6 Nxb6 30. Rxb6 Nb7 31. c5 Bf8 32. d6 Bxd6 33. cxd6 Qxc2 34. Bxc2 Kf8 35. R2b4 Ke8 36. Bb3 Kd7 37. Nxh5 gxh5 38. Bxf7 h4 39. Bd5 Kc8 40. Be6+ Kd8 41. Nc5 Ke8 42. Rxb7 Raxb7 43. Rxb7 1-0

[Event "Olympiad Women 2024"]
[Site "Budapest HUN"]
[Date "2024.09.11"]
[Round "1.47"]
[Board "3"]
[White "Msukwa, Tupokiwe"]
[Black "Fronda, Jan Jodilyn"]
[Result "0-1"]
[WhiteElo "1674"]
[BlackElo "2165"]
[PlyCount "82"]
[EventDate "2024.09.11"]
[WhiteTeam "Malawi"]
[BlackTeam "Philippines"]
[WhiteTeamCountry "MWI"]
[BlackTeamCountry "PHI"]

1. d4 Nf6 2. c4 c5 3. e3 cxd4 4. exd4 d5 5. Nc3 g6 6. Bf4 Bg7 7. Bxb8 Rxb8 8. Qa4+ Bd7 9. Qxa7 Bc6 10. c5 $146 ({RR} 10. Qc5 O-O 11. Nf3 dxc4 12. O-O-O Rc8 13. Qb4 Nd5 14. Nxd5 Bxd5 15. Kb1 b5 16. h4 Bxf3 17. gxf3 h5 18. Bh3 Ra8 19. Rhe1 Qd5 20. Qc5 Qxf3 21. Bd7 Qxf2 22. Rxe7 Qxh4 23. Ree1 Rad8 24. Qc6 b4 {0-1 Mashiri,A-Hejberg,C (2120) Politiken Cup 19th 1997 (10)}) 10... Nd7 11. Qa3 Bxd4 12. b4 b6 13. Nf3 bxc5 14. Nxd4 cxd4 15. b5 Bb7 16. Nd1 Qc7 17. Rc1 Qe5+ 18. Be2 O-O 19. Qd3 Rfc8 20. Rxc8+ Rxc8 21. O-O Nc5 22. Qd2 Ne4 23. Qb2 Nc3 24. Bd3 Ra8 25. a3 Qd6 26. Nxc3 dxc3 27. Qxc3 Rxa3 28. Qc2 e5 29. Rd1 d4 30. f3 Bd5 31. Qc8+ Kg7 32. Qe8 Ra8 33. Qxa8 Bxa8 34. Rb1 Qa3 35. Be4 Bxe4 36. fxe4 Qe3+ 37. Kh1 d3 38. b6 d2 39. h3 Qe1+ 40. Rxe1 dxe1=Q+ 41. Kh2 Qxe4 0-1

[Event "Olympiad Women 2024"]
[Site "Budapest HUN"]
[Date "2024.09.11"]
[Round "1.47"]
[Board "4"]
[White "Canino, Ruelle"]
[Black "Simwaba, Anne"]
[Result "1-0"]
[WhiteElo "2004"]
[BlackElo "1596"]
[PlyCount "69"]
[EventDate "2024.09.11"]
[WhiteTeam "Philippines"]
[BlackTeam "Malawi"]
[WhiteTeamCountry "PHI"]
[BlackTeamCountry "MWI"]

1. c4 d5 2. cxd5 Qxd5 3. Nc3 Qd8 4. Nf3 Nf6 5. g3 e6 6. Bg2 Be7 7. O-O O-O 8. b3 Nbd7 ({RR} 8... c5 9. Bb2 Nc6 10. d3 b6 11. Ne5 Nxe5 12. Bxa8 Ng6 13. Bg2 h5 14. Ne4 Ng4 15. h3 Nf6 16. Nxf6+ Bxf6 17. Bxf6 Qxf6 18. h4 Ne5 19. Qd2 g6 20. d4 cxd4 21. Rac1 Ba6 22. Rfd1 d3 23. exd3 {1-0 Kranebitter,G (1997)-Dzelalagic,A ch-AUT Rapid 2024 (7.20)}) 9. Bb2 b6 $146 ({RR} 9... a6 10. Rc1 Rb8 11. Qc2 b5 12. d4 Bb7 13. Rfd1 Rc8 14. Ne5 Bxg2 15. Kxg2 c5 16. dxc5 Rxc5 {½-½ Oncel,I (2140)-Chirpii,A (1650) Centrocoop June op-B 1998}) 10. Nd4 Ne5 11. Bxa8 Qxd4 12. Nd5 Qxb2 13. Nxe7+ Kh8 14. d4 Ned7 15. Nxc8 Rxc8 16. Bf3 g6 17. Qd3 Qa3 18. e4 Rd8 19. Qc3 c5 20. Rad1 cxd4 21. Qxd4 Qe7 22. e5 Ne8 23. Bc6 Qa3 24. Bxd7 Qxa2 25. Qh4 Rb8 26. Bxe8 Rxe8 27. Rd8 Rxd8 28. Qxd8+ Kg7 29. Qf6+ Kh6 30. Rd1 Qb2 31. Kg2 Qc3 32. g4 Qc6+ 33. Kg3 Qe4 34. Kh4 a5 35. f4 1-0

[Event "Olympiad Women 2024"]
[Site "Budapest HUN"]
[Date "2024.09.11"]
[Round "1.48"]
[Board "1"]
[White "Vanduyfhuys, Daria"]
[Black "Al Aisaee, Anat"]
[Result "1-0"]
[WhiteElo "2112"]
[BlackElo "1608"]
[PlyCount "31"]
[EventDate "2024.09.11"]
[WhiteTeam "Belgium"]
[BlackTeam "Oman"]
[WhiteTeamCountry "BEL"]
[BlackTeamCountry "OMN"]

1. d4 d5 2. c4 dxc4 3. Nc3 Nf6 4. e4 e6 5. Bxc4 Be7 6. Nge2 b6 7. O-O Bb7 8. f3 O-O 9. Be3 Nbd7 10. Nf4 $146 ({RR} 10. Qc2 c5 11. Rfd1 cxd4 12. Nxd4 Qc7 13. Bxe6 fxe6 14. Nxe6 Qc4 15. Nxf8 Rxf8 16. Rd2 Bc5 17. Bxc5 Qxc5+ 18. Kh1 Ne5 19. Rad1 Nc4 20. Rd8 Ne3 21. Qb3+ Qc4 22. R1d4 Qxb3 23. axb3 Nc2 24. Rxf8+ Kxf8 {1-0 Gattinger,J (1729)-Collins,M (1463) East Grand Rapids op 2004 (2)}) 10... Re8 11. e5 Nd5 12. Nfxd5 exd5 13. Nxd5 Bf8 14. Nf4 c5 15. Bxf7+ Kxf7 16. Qb3+ 1-0

[Event "Olympiad Women 2024"]
[Site "Budapest HUN"]
[Date "2024.09.11"]
[Round "1.48"]
[Board "2"]
[White "Al Balushi, Mariya"]
[Black "De Rycke, Tyani"]
[Result "0-1"]
[WhiteElo "1561"]
[BlackElo "2110"]
[PlyCount "50"]
[EventDate "2024.09.11"]
[WhiteTeam "Oman"]
[BlackTeam "Belgium"]
[WhiteTeamCountry "OMN"]
[BlackTeamCountry "BEL"]

1. e4 c5 2. Nf3 Nc6 3. d3 g6 4. g3 Bg7 5. Bg2 e6 6. O-O Nge7 7. Nbd2 O-O 8. Re1 d5 9. Nf1 Qc7 ({RR} 9... dxe4 10. dxe4 b6 11. c3 Ba6 12. Qa4 Qc8 13. Rd1 b5 14. Qc2 Qc7 15. Be3 Na5 16. a4 Nc4 17. Bf4 e5 18. axb5 Bxb5 19. Bc1 Nb6 20. Be3 c4 21. b3 Qc6 22. N1d2 cxb3 23. Nxb3 Ba4 24. Nfd2 {1-0 Sedina,E (2400)-Maksimenko,A (2545) Nova Gorica op 02nd 1997 (6)}) 10. h4 ({RR} 10. exd5 Nxd5 11. c3 b6 12. Qc2 Ba6 13. Ne3 Rfd8 14. Ng4 Rac8 15. Bg5 f6 16. Bh6 e5 17. Bxg7 Qxg7 18. Rad1 Rd7 19. Ne3 Nde7 20. Qa4 Bb7 21. Bh3 f5 22. Nc2 Rcd8 23. Qb3+ Kh8 24. Ng5 Nd5 {1-0 Bella,J (1806)-Prado,L (2050) Rio Grande Domingo op 20th blitz 2020 (4)}) 10... h6 $146 ({RR} 10... Rd8 11. Qe2 dxe4 12. dxe4 Nd4 13. Nxd4 cxd4 14. Nh2 e5 15. h5 Be6 16. hxg6 hxg6 17. Ng4 Rac8 18. Bg5 Rf8 19. Nf6+ Kh8 20. Rac1 Ng8 21. Ng4 f6 22. Bd2 Qc4 23. Qd1 Qxa2 24. Bf3 Ne7 25. Kg2 {1-0 Wuebbeke,C-Heidel,A (2085) NRW-chT U18 9899 1998 (5)}) ({RR} 10... Rd8 11. N1h2 c4 12. d4 dxe4 13. Rxe4 f5 14. Re1 Nxd4 15. Nxd4 Rxd4 16. Qe2 e5 17. Be3 Rd8 18. Bg5 Re8 19. Rad1 Be6 20. c3 Nc6 21. h5 h6 22. Bc1 g5 23. f3 Rad8 24. g4 f4 25. Rxd8 {0-1 Maerz,J (1439)-Ma,B (1630) GER-ch U12 Willingen 2005 (6)}) 11. N1h2 dxe4 12. Rxe4 f5 13. Re2 e5 14. Qe1 Be6 15. Bh3 Bd5 16. Bg2 e4 17. dxe4 fxe4 18. Nd2 Nd4 19. Nxe4 Nxe2+ 20. Qxe2 Qc6 21. Ng4 Nf5 22. c4 Bxe4 23. Bxe4 Rae8 24. Bd5+ Qxd5 25. Qxe8 Qd1+ 0-1

[Event "Olympiad Women 2024"]
[Site "Budapest HUN"]
[Date "2024.09.11"]
[Round "1.48"]
[Board "3"]
[White "Dierckens, Sarah"]
[Black "Al Nadabi, Yomna"]
[Result "1-0"]
[WhiteElo "1943"]
[BlackElo "1612"]
[PlyCount "111"]
[EventDate "2024.09.11"]
[WhiteTeam "Belgium"]
[BlackTeam "Oman"]
[WhiteTeamCountry "BEL"]
[BlackTeamCountry "OMN"]

1. e4 c6 2. d4 d5 3. Nc3 dxe4 4. Nxe4 Bf5 5. Ng3 Bg6 6. h4 h6 7. Nf3 Nd7 8. h5 Bh7 9. Bd3 Bxd3 10. Qxd3 Ngf6 11. Ne4 Nxe4 12. Qxe4 Nf6 13. Qe2 e6 14. Bf4 Qa5+ 15. Bd2 Bb4 16. c3 Bd6 17. Ne5 $146 ({RR} 17. Ng1 Qd5 18. Qf3 Qxf3 19. Nxf3 O-O 20. O-O-O Rad8 21. Rdg1 Ng4 22. Be3 f5 23. g3 b6 24. Nh4 Rfe8 {½-½ Platon,C-Irimia,M (1988) IBCA World Cup 6th 2010 (2.3)}) 17... Rd8 18. Nc4 Qc7 19. Nxd6+ Rxd6 20. Bf4 Nd5 21. Bxd6 Qxd6 22. Qg4 O-O 23. Rh3 f5 24. Qh4 Nf4 25. Rg3 e5 26. Rd1 Re8 27. Kf1 c5 28. Re3 Qd5 29. Qh2 Qc4+ 30. Ke1 Qd5 31. f3 cxd4 32. Rxd4 exd4 33. Rxe8+ Kf7 34. Qxf4 Kxe8 35. Qxd4 Qxd4 36. cxd4 Ke7 37. Ke2 Kd6 38. Ke3 b5 39. Kf4 Kd5 40. Kxf5 Kxd4 41. Kg6 b4 42. Kxg7 Kd3 43. Kxh6 Kc2 44. b3 Kb2 45. Kg5 Kxa2 46. h6 Kxb3 47. h7 a5 48. h8=Q a4 49. Qg8+ Kb2 50. Qg7+ Ka2 51. Qd4 Kb3 52. f4 a3 53. f5 a2 54. f6 Kc2 55. f7 b3 56. f8=Q 1-0